| 000 | 00557cam a2200145 4500500 | ||
|---|---|---|---|
| 005 | 20260111085647.0 | ||
| 041 | _afre | ||
| 042 | _adc | ||
| 100 | 1 | 0 |
_aGautier, Benoît _eauthor |
| 245 | 0 | 0 | _aGeneviève Pruvost, La subsistance au quotidien, Conter ce qui compte. La Découverte, « L’horizon des possibles », 2024, 504 pages, 28 €. |
| 260 | _c2024. | ||
| 500 | _a15 | ||
| 786 | 0 | _nÉtudes | Jui | 6 | 2024-05-24 | p. 119ze-139ze | 0014-1941 | |
| 856 | 4 | 1 | _uhttps://shs.cairn.info/revue-etudes-2024-6-page-119ze?lang=fr&redirect-ssocas=7080 |
| 999 |
_c1618463 _d1618463 |
||